|
|
|
|
| LEADER |
00000nam2a2200000 4500 |
| 001 |
355380 |
| 005 |
20231102010804.0 |
| 035 |
|
|
|a (RuTPU)RU\TPU\retro\12639
|
| 035 |
|
|
|a RU\TPU\book\17034
|
| 090 |
|
|
|a 355380
|
| 100 |
|
|
|a 20200707d1979 m y0rusy50 ca
|
| 101 |
0 |
|
|a rus
|
| 102 |
|
|
|a RU
|
| 105 |
|
|
|a ac z 000za
|
| 200 |
0 |
|
|a Т. 2
|
| 210 |
|
|
|d 1979
|
| 215 |
|
|
|a 389 с.
|c ил.
|
| 461 |
|
1 |
|0 (RuTPU)RU\TPU\retro\11784
|t Воспоминания и размышления
|o в 2 т.
|f Г. К. Жуков
|v Т. 2
|e 4-е изд.
|d 1979
|
| 606 |
1 |
|
|a Полководцы и военачальники Великой Отечественной войны 1941-1945
|2 stltpush
|3 (RuTPU)RU\TPU\subj\66645
|9 82696
|
| 610 |
1 |
|
|a история
|
| 610 |
1 |
|
|a Россия
|
| 610 |
1 |
|
|a СССР
|
| 610 |
1 |
|
|a военная история
|
| 610 |
1 |
|
|a вооруженные силы
|
| 610 |
1 |
|
|a Великая Отечественная война 1941-1945
|
| 610 |
1 |
|
|a 20 век
|
| 610 |
1 |
|
|a участники Великой Отечественной войны
|
| 610 |
1 |
|
|a биографии
|
| 610 |
1 |
|
|a автобиографии
|
| 686 |
|
|
|a Т3(2)622-35,88
|v LBC/SL-A
|2 rubbk
|
| 801 |
|
0 |
|a RU
|b 63413507
|c 20011209
|g PSBO
|
| 801 |
|
2 |
|a RU
|b 63413507
|c 20220909
|g PSBO
|
| 942 |
|
|
|c BK
|